| 000 | 00659nam a2200241 a 4500 | ||
|---|---|---|---|
| 001 | 000038240 | ||
| 003 | DO-SdBNP | ||
| 005 | 20240412074310.0 | ||
| 007 | ta | ||
| 008 | 130405s2021 dr r 000 p spa d | ||
| 020 | _a9789945930900 | ||
| 040 |
_aDO-SdBNP _bspa _cBNPHU |
||
| 082 |
_aRD863.44 _bC352v _222 |
||
| 100 | 1 |
_aRodríguez Demorizi, Emilio, _d1908-1986 _91039 |
|
| 245 | 1 | 0 |
_aVasija rota / _cMarcia Castillo |
| 260 |
_aSanto Domingo : _bRío de Oro, _c2021 |
||
| 300 |
_a54 p. ; _c22 cm. |
||
| 590 | _aInventariado, 2122 / DG | ||
| 650 | 0 |
_acuentos dominicanos _966 |
|
| 650 | 0 |
_aLiteratura dominicana. _967 |
|
| 910 | _aDG | ||
| 942 |
_2ddc _cLBS1 |
||
| 999 |
_c52313 _d52313 |
||